00884 a2200241 4500003000700000005001700007008004100024020001800065040003300083050001700116100002100133245010000154260003900254300003000293336002800323337003000351338002700381500013500408504003600543600002300579650002000602650002000622CBULib20260417080946.0260417b |||||||| |||| 00| 0 eng d a9789171264381 aCBULibbEnglishcCBULiberda aGB 501.2 Gru aGrundsten, Claes aSwedish wilderness : the mountain world of Dag Hammarskjöldc/ photographs by Claes Grundsten bMax Ström, c[2017]aStockholm : a191 pages : illustrations 2rdacontentaText |btxt 2rdamediaaUnmediated |bn 2rdacarrieraVolumebnc aThis is new edition of Dag Hammarskjöld's Swedish Wilderness, that was first published in 2007, now in a more convenient format. aIncludes index (pages 190-191). 0aDAG HAMMARSKJÖLD 0aMOUNTAINS (SAO) 0aSWEDENzLAPLAND